<?xml version="1.0" encoding="UTF-8"?>
<record
    xmlns:xsi="http://www.w3.org/2001/XMLSchema-instance"
    xsi:schemaLocation="http://www.loc.gov/MARC21/slim http://www.loc.gov/standards/marcxml/schema/MARC21slim.xsd"
    xmlns="http://www.loc.gov/MARC21/slim">

  <leader>02117nab a2200277uuc4500</leader>
  <controlfield tag="001">1347500</controlfield>
  <controlfield tag="005">20260205101810.0</controlfield>
  <controlfield tag="008">131021e20130105                    por  </controlfield>
  <datafield tag="035" ind1=" " ind2=" ">
    <subfield code="a">1347500</subfield>
  </datafield>
  <datafield tag="040" ind1=" " ind2=" ">
    <subfield code="c">comduadb</subfield>
  </datafield>
  <datafield tag="041" ind1=" " ind2=" ">
    <subfield code="a">por</subfield>
  </datafield>
  <datafield tag="100" ind1="1" ind2="0">
    <subfield code="a">Cordeiro, Renata Cavalcanti</subfield>
    <subfield code="4">aut</subfield>
    <subfield code="e">aut</subfield>
    <subfield code="9">663155</subfield>
  </datafield>
  <datafield tag="245" ind1="1" ind2="0">
    <subfield code="a">Concepcoes dos familiares de usu&#xE1;rios acerca do cuidado oferecido em centro de atencao psicossocial</subfield>
  </datafield>
  <datafield tag="520" ind1="3" ind2=" ">
    <subfield code="a">Este es un estudio de caso, exploratorio, con abordaje cualitativo, desarrollado en un Centro de Atenci&#xF3;n Psicosocial de la Regi&#xF3;n Nordeste brasile&#xF1;a con 20 familiares de los usuarios. La finalidad fue analizar las concepciones acerca del cuidado ofrecido; identificar si los familiares perciben que los profesionales del Centro contribuyen para la promoci&#xF3;n de la autonom&#xED;a e inclusi&#xF3;n social de los usuarios; y averiguar en qu&#xE9; medida el grupo de familia es una estrategia eficaz para la promoci&#xF3;n del cuidado a los usuarios. El material emp&#xED;rico fue producido por medio de entrevistas semiestructuradas, entre agosto y septiembre de 2010, y sometido al an&#xE1;lisis de contenido. Los resultados muestran que la participaci&#xF3;n en el grupo de familia ha posibilitado que los familiares contribuyeran con el tratamiento propuesto, volvi&#xE9;ndose corresponsables en el proceso de cuidado ofrecido. Los familiares fueron estimulados para la promoci&#xF3;n de la autonom&#xED;a e inclusi&#xF3;n del usuario en la sociedad.</subfield>
  </datafield>
  <datafield tag="650" ind1=" " ind2="7">
    <subfield code="a">Servicios de salud mental</subfield>
    <subfield code="2">lemb</subfield>
    <subfield code="9">173577</subfield>
  </datafield>
  <datafield tag="650" ind1=" " ind2=" ">
    <subfield code="a">Grupos de apoyo</subfield>
    <subfield code="9">16094</subfield>
  </datafield>
  <datafield tag="650" ind1=" " ind2="7">
    <subfield code="a">Atenci&#xF3;n psicosocial</subfield>
    <subfield code="2"></subfield>
    <subfield code="9">100356</subfield>
  </datafield>
  <datafield tag="650" ind1=" " ind2="7">
    <subfield code="a">Calidad de la atenci&#xF3;n de salud</subfield>
    <subfield code="2">dcs</subfield>
    <subfield code="9">237157</subfield>
  </datafield>
  <datafield tag="700" ind1="1" ind2="0">
    <subfield code="a">Silva, Priscilla Maria de Castro</subfield>
    <subfield code="4">aut</subfield>
    <subfield code="e">aut</subfield>
    <subfield code="9">643603</subfield>
  </datafield>
  <datafield tag="700" ind1="1" ind2="0">
    <subfield code="a">Azevedo, Elis&#xE2;ngela Braga de</subfield>
    <subfield code="4">aut</subfield>
    <subfield code="e">aut</subfield>
    <subfield code="9">643604</subfield>
  </datafield>
  <datafield tag="700" ind1="1" ind2="0">
    <subfield code="a">Ferreira Filha, Maria de Oliveira</subfield>
    <subfield code="4">aut</subfield>
    <subfield code="e">aut</subfield>
    <subfield code="9">672045</subfield>
  </datafield>
  <datafield tag="700" ind1="1" ind2="0">
    <subfield code="a">Andrade, Raissa Barbosa de</subfield>
    <subfield code="4">aut</subfield>
    <subfield code="e">aut</subfield>
    <subfield code="9">663156</subfield>
  </datafield>
  <datafield tag="700" ind1="1" ind2="0">
    <subfield code="a">Andrade, Johana Maria Oliveira de</subfield>
    <subfield code="4">aut</subfield>
    <subfield code="e">aut</subfield>
    <subfield code="9">655161</subfield>
  </datafield>
  <datafield tag="773" ind1="0" ind2=" ">
    <subfield code="t">Cogitare Enfermagem (Paran&#xE1;, Brasil)</subfield>
    <subfield code="g">Vol. 18, No. 01, Ene.-Mar. 2013, p. 156-162</subfield>
    <subfield code="w">1071271</subfield>
    <subfield code="x">1414-8536</subfield>
    <subfield code="0">449598</subfield>
  </datafield>
  <datafield tag="942" ind1=" " ind2=" ">
    <subfield code="c">ARIMP</subfield>
  </datafield>
  <datafield tag="999" ind1=" " ind2=" ">
    <subfield code="c">667283</subfield>
    <subfield code="d">667283</subfield>
  </datafield>
</record>
